[Event "Pinneberg op Seniors 06th"]
[Site "Pinneberg"]
[Date "2005.07.25"]
[Round "3"]
[White "Von Hohenthal, Ludwig"]
[Black "Jenssen, Hans Peter"]
[Result "0-1"]
[WhiteElo "1328"]
[BlackElo "1625"]
[PlyCount "94"]
[EventDate "2005.07.25"]
[EventType "swiss"]
[EventRounds "5"]
[EventCountry "GER"]
[SourceTitle "EXT 2011"]
[Source "ChessBase"]
[SourceDate "2010.11.26"]
[SourceVersion "1"]
[SourceVersionDate "2010.11.26"]
[SourceQuality "1"]

1. e4 e5 2. Nf3 Nc6 3. a3 d6 4. Bc4 Be7 5. d3 Bf6 6. Be3 Nge7 7. Nc3 0-0 8. h3 Nd4 9. Nd5 Nxd5 10. Bxd5 c6 11. Ba2 Be6 12. Bxd4 exd4 13. Bxe6 fxe6 14. Qd2 c5 15. b3 b5 16. a4 a6 17. axb5 axb5 18. 0-0 Qc7 19. Kh1 h6 20. g3 Ra7 21. Rfc1 Rfa8 22. Qd1 Qf7 23. Kg2 e5 24. h4 Qh5 25. Rxa7 Rxa7 26. Ra1 Qf7 27. Qb1 Qb7 28. Ra2 Qa8 29. Rxa7 Qxa7 30. Nd2 Bd8 31. Qd1 Qd7 32. f3 Qe6 33. Kh2 d5 34. exd5 Qxd5 35. Ne4 c4 36. bxc4 bxc4 37. dxc4 Qxc4 38. Qd3 Qc6 39. Qb3+ Kh7 40. Qd3 Kh8 41. Kh3 Qd6 42. g4 h5 43. Nf2 hxg4+ 44. fxg4 Qf6 45. Qg3 g5 46. hxg5 Qe6 47. Kg2 Bc7 0-1